<?xml version="1.0" encoding="UTF-8"?>
<record
    xmlns:xsi="http://www.w3.org/2001/XMLSchema-instance"
    xsi:schemaLocation="http://www.loc.gov/MARC21/slim http://www.loc.gov/standards/marcxml/schema/MARC21slim.xsd"
    xmlns="http://www.loc.gov/MARC21/slim">

  <leader>02266nam0a22003373i 4500</leader>
  <controlfield tag="001">IT\ICCU\VEA\0703119</controlfield>
  <controlfield tag="003">IT-MiSPE</controlfield>
  <controlfield tag="005">20250319164509.0</controlfield>
  <controlfield tag="008">250319b        |||||||| |||| 00| 0 eng d</controlfield>
  <datafield tag="020" ind1=" " ind2=" ">
    <subfield code="a">8842494275</subfield>
    <subfield code="c">17,50 &#x20AC;</subfield>
  </datafield>
  <datafield tag="040" ind1=" " ind2=" ">
    <subfield code="a">IT-MiSPE</subfield>
    <subfield code="b">ita</subfield>
    <subfield code="c">IT-MiSPE</subfield>
  </datafield>
  <datafield tag="041" ind1=" " ind2=" ">
    <subfield code="a">ita</subfield>
    <subfield code="h">ger</subfield>
  </datafield>
  <datafield tag="082" ind1=" " ind2=" ">
    <subfield code="a">111.85-HEG ge ar (ppv 23390)</subfield>
  </datafield>
  <datafield tag="100" ind1=" " ind2=" ">
    <subfield code="a">Hegel, Georg Wilhelm Friedrich,</subfield>
    <subfield code="d">1770-1831</subfield>
    <subfield code="e">autore</subfield>
    <subfield code="9">61896</subfield>
  </datafield>
  <datafield tag="240" ind1=" " ind2=" ">
    <subfield code="a">Aestetik</subfield>
  </datafield>
  <datafield tag="245" ind1=" " ind2=" ">
    <subfield code="a">Arte e morte dell'arte :</subfield>
    <subfield code="b">Percorso nelle Lezioni di Estetica /</subfield>
    <subfield code="c">Georg Wilhelm Friedrich Hegel ; a cura di Paolo Gambazzi e Gabriele Scaramuzza</subfield>
  </datafield>
  <datafield tag="260" ind1=" " ind2=" ">
    <subfield code="a">Milano :</subfield>
    <subfield code="b">Bruno Mondadori,</subfield>
    <subfield code="c">[1997].</subfield>
  </datafield>
  <datafield tag="300" ind1=" " ind2=" ">
    <subfield code="a">432 p. ;</subfield>
    <subfield code="b">17 cm</subfield>
  </datafield>
  <datafield tag="490" ind1=" " ind2=" ">
    <subfield code="a">Testi e pretesti</subfield>
  </datafield>
  <datafield tag="500" ind1=" " ind2=" ">
    <subfield code="a">Bibliografia 



















</subfield>
  </datafield>
  <datafield tag="504" ind1=" " ind2=" ">
    <subfield code="a">Bibliografia a cura di Andrea Pinotti (pp 405-426) e indici</subfield>
  </datafield>
  <datafield tag="520" ind1=" " ind2=" ">
    <subfield code="a">Questa antologia affronta i temi dell'Estetica di Hegel con un duplice obbiettivo: mostrarne il carattere sistematico e stabilirne il rapporto con l'insieme del pensiero hegeliano - e, pi&#xF9; in particolare, con la sua analisi della struttura e delle contraddizioni del mondo moderno-borghese. L'Estetica si dimostra cos&#xEC; molto pi&#xF9; che un discorso sul bello, anche se vi si ritrovano tutti i grandi temi propriamente estetici: dall'epos al romanzo; dalla piramide egizia e dalla scultura greca alla cattedrale gotica e alla pittura olandese; dalle categorie del tragico, del comico e dell'umorismo alla costruzione di un sistema delle belle arti, sino a quella problematica della morte dell'arte e dell'&#x201C;arte come passato&#x201D; che ha qui, nell'Estetica, il suo luogo originario di formulazione e di strutturazione, secondo una pregnanza e una radicalit&#xE0; che hanno trovato verifiche decisive nello sviluppo dell'arte contemporanea e nelle pi&#xF9; importanti elaborazioni estetiche del Novecento.</subfield>
  </datafield>
  <datafield tag="630" ind1=" " ind2=" ">
    <subfield code="a">Filosofia</subfield>
    <subfield code="v">Filosofia di lingua tedesca</subfield>
    <subfield code="x">Estetica</subfield>
    <subfield code="9">61897</subfield>
  </datafield>
  <datafield tag="655" ind1=" " ind2=" ">
    <subfield code="a">Filosofi di lingua tedesca. Generalit&#xE0; e filosofi fino al 1920</subfield>
    <subfield code="x">Filosofi 1770-1920: Georg Wilhelm Friedrich Hegel 1770-1831. Opere</subfield>
    <subfield code="9">61898</subfield>
  </datafield>
  <datafield tag="700" ind1=" " ind2="1">
    <subfield code="a">Hegel, Georg Wilhelm Friedrich</subfield>
    <subfield code="d">1770-1831</subfield>
    <subfield code="9">61896</subfield>
  </datafield>
  <datafield tag="899" ind1=" " ind2=" ">
    <subfield code="f">P/G</subfield>
  </datafield>
  <datafield tag="899" ind1=" " ind2=" ">
    <subfield code="f">P/G</subfield>
  </datafield>
  <datafield tag="899" ind1=" " ind2=" ">
    <subfield code="f">P/G</subfield>
  </datafield>
  <datafield tag="899" ind1=" " ind2=" ">
    <subfield code="f">P/G</subfield>
  </datafield>
  <datafield tag="942" ind1=" " ind2=" ">
    <subfield code="2">ddc</subfield>
    <subfield code="c">BK</subfield>
  </datafield>
  <datafield tag="999" ind1=" " ind2=" ">
    <subfield code="c">360451</subfield>
    <subfield code="d">360451</subfield>
  </datafield>
  <datafield tag="952" ind1=" " ind2=" ">
    <subfield code="0">0</subfield>
    <subfield code="1">0</subfield>
    <subfield code="2">ddc</subfield>
    <subfield code="4">0</subfield>
    <subfield code="6">111_000000000000000_85HEG_GE_AR_PPV_23390</subfield>
    <subfield code="7">1</subfield>
    <subfield code="a">CINISELLO</subfield>
    <subfield code="b">CINISELLO</subfield>
    <subfield code="d">2025-03-19</subfield>
    <subfield code="l">0</subfield>
    <subfield code="o">111.85-HEG ge ar (ppv 23390)</subfield>
    <subfield code="p">8842494275</subfield>
    <subfield code="r">2025-03-19 12:26:06</subfield>
    <subfield code="w">2025-03-19</subfield>
    <subfield code="y">BK</subfield>
  </datafield>
</record>
